Lecons de droit naturel

Shranjeno v:
Bibliografske podrobnosti
Glavni avtor: Leclercq, Jacques (Author)
Format: Knjiga
Jezik:francoščina
Izdano: Namur Ad. Wesmael-Charlier 1955
Izdaja:3a. ed
Serija:Etudes Morales, Sociales et Juridiques
Teme:
Oznake: Označite
Brez oznak, prvi označite!

MARC

LEADER 00000nam a2200000 a 4500
001 UCS6576
003 CL-VaPUC
008 970926e19550000BE |||||||||||||||||fre|d
082 0 4 |a 340.115  |b LEC  |2 21 
100 |a Leclercq, Jacques  |e author  |9 581394 
245 1 0 |a Lecons de droit naturel 
250 |a 3a. ed 
300 |a v 
942 |c BK 
945 |d 19970926 00:00:00  |a lriquelm 
260 |a Namur  |b Ad. Wesmael-Charlier  |c 1955 
500 |a v.4: Les droits et devoirs individuels 
500 |a p.1: Vie, disposition de soi 
500 |a p.2: Travail, propriete 
650 7 |a DERECHO  |2 CL-VaPUC  |9 391893 
650 0 |a Derecho y sociedad   |9 255963 
650 0 |a Sociedad  |9 307903 
650 0 |a Estado  |9 255503 
650 0 |a Ciencias Políticas  |9 255201 
650 0 |a Derecho natural   |9 255041 
650 7 |a DERECHO Y DEBERES  |2 CL-VaPUC  |9 376636 
650 0 |a Trabajo  |9 313876 
650 0 |a Derecho de propiedad  |9 256450 
650 0 |a Comunismo  |9 255588 
650 0 |a Socialismo  |9 255260 
650 7 |a LIBERALISMO ECONOMICO  |2 CL-VaPUC  |9 391894 
650 7 |a MOVIMIENTO SOCIAL  |2 CL-VaPUC  |9 391895 
583 |a last modification  |c 19970926 00:00:00  |k Rodrigo Vera 
490 0 |a Etudes Morales, Sociales et Juridiques 
999 |c 262222  |d 262220 
952 |0 0  |1 0  |4 0  |6 340_115000000000000_LEC_1955  |7 0  |8 DER_TF  |9 290478  |a BIBDER  |b BIBDER  |d 2019-11-19  |h v.4 p.1  |i 1885278  |o 340.115 LEC 1955  |p 1885278  |r 2023-01-25  |w 2019-11-19  |x Ubicación 4to Piso  |y BK  |z Estos recursos deben solicitarse con anticipación  |k DER 
952 |0 0  |1 0  |4 0  |6 340_115000000000000_LEC_1955  |7 0  |8 DER_TF  |9 290479  |a BIBDER  |b BIBDER  |d 2019-11-19  |h v.4 p.2  |i 1885227  |o 340.115 LEC 1955  |p 1885227  |r 2023-01-25  |w 2019-11-19  |x Ubicación 4to Piso  |y BK  |z Estos recursos deben solicitarse con anticipación  |k DER 
952 |0 0  |1 0  |4 0  |6 340_115000000000000_LEC_1955  |7 0  |8 DER_TF  |9 290480  |a BIBDER  |b BIBDER  |d 2019-11-19  |h v.4 p.2  |i 1885529  |o 340.115 LEC 1955  |p 1885529  |r 2023-01-25  |w 2019-11-19  |x Ubicación 4to Piso  |y BK  |z Estos recursos deben solicitarse con anticipación  |k DER 
952 |0 0  |1 0  |4 0  |6 340_115000000000000_LEC_1955  |7 0  |8 P  |9 290481  |a BIBDER  |b BIBDER  |d 2019-11-19  |h v.4 p.1  |i 4119096  |o 340.115 LEC 1955  |p 4119096  |r 2023-01-25  |w 2019-11-19  |y BK  |k DER 
952 |0 0  |1 0  |4 0  |6 340_115000000000000_LEC_1955  |7 0  |8 P  |9 290482  |a BIBDER  |b BIBDER  |d 2019-11-19  |h v.4 p.2  |i 4119088  |o 340.115 LEC 1955  |p 4119088  |r 2023-01-25  |w 2019-11-19  |y BK  |k DER